|
|
|
|
| LEADER |
00000nam0a2200000 4500 |
| 001 |
298031 |
| 005 |
20231102001050.0 |
| 020 |
|
|
|a RU
|b 84-58811
|
| 035 |
|
|
|a (RuTPU)RU\TPU\book\323173
|
| 090 |
|
|
|a 298031
|
| 100 |
|
|
|a 20150615d1984 k y0rusy5003 ca
|
| 101 |
0 |
|
|a rus
|
| 102 |
|
|
|a RU
|
| 105 |
|
|
|a a z 001zy
|
| 200 |
1 |
|
|a Автоматизация геодезических измерений в мелиоративном строительстве
|f Ю. К. Неумывакин [и др.]
|
| 210 |
|
|
|a Москва
|c Недра
|d 1984
|
| 215 |
|
|
|a 127 с.
|c ил.
|
| 320 |
|
|
|a Библиогр.: с. 124-125
|
| 606 |
1 |
|
|a Мелиоративно-строительные работы
|2 stltpush
|3 (RuTPU)RU\TPU\subj\42039
|9 61799
|
| 610 |
1 |
|
|a лазерные системы
|
| 610 |
1 |
|
|a геодезический контроль
|
| 610 |
1 |
|
|a измерения
|
| 610 |
1 |
|
|a точность
|
| 610 |
1 |
|
|a внешняя среда
|
| 675 |
|
|
|a 626.8
|v 3
|
| 701 |
|
1 |
|a Неумывакин
|b Ю. К.
|g Юрий Кириллович
|
| 701 |
|
1 |
|a Перский
|b М. И.
|g Михаил Исаакович
|
| 701 |
|
1 |
|a Захаренко ?
|b М. А.
|g Михаил Александрович
|
| 701 |
|
1 |
|a Федоров
|b А. С.
|g Анатолий Семенович
|
| 801 |
|
0 |
|a RU
|b RuMRKP
|c 19950704
|g psbo
|
| 801 |
|
1 |
|a RU
|b 63413507
|c 20150615
|
| 801 |
|
2 |
|a RU
|b 63413507
|c 20170209
|g RCR
|
| 942 |
|
|
|c BK
|